Biblioteca

Alfabetización digital para excombatientes de grupos armados irregulares en Colombia : (Registro nro. 67218)

Detalles MARC
000 -LÍDER
Campo fijo de descripción fija 01415nam a2200349 i 4500
001 - NÚMERO DE CONTROL
Campo de control 768714001
003 - IDENTIFICADOR DEL NÚMERO DE CONTROL
Campo de control CO-MdFUSB
005 - FECHA Y HORA DE LA ULTIMA TRANSACCIÓN
control field 20220322092619.0
007 - CAMPO FIJO DE DESCRIPCIÓN FIJA--INFORMACIÓN GENERAL
Campo fijo de descripción fija ta
008 - ELEMENTOS DE LONGITUD FIJA -- INFORMACIÓN GENERAL
Campo fijo de descripción fija -- Información general 220215t2014 ck de||| |||| 00| 0 spa d
020 ## - NÚMERO INTERNACIONAL NORMALIZADO PARA LIBROS
Número Internacional Normalizado del libro 9789585842731
040 ## - FUENTE DE CATALOGACIÓN
Agencia de catalogación original CO-MdFUSB
Idioma de catalogación spa
Agencia que realiza la transcripción CO-MdFUSB
Agencia que realiza la modificación CO-MdFUSBC
Convenciones de la descripción rda
041 ## - CÓDIGO DE IDIOMA
Código de idioma para texto/pista de sonido o título separado spa
082 ## - NÚMERO DE CLASIFICACIÓN DECIMAL DEWEY
Número de la edición del Dewey 23
Número de clasificación 370.115
Clave de autor-Numero de item T693
100 ## - ASIENTO PRINCIPAL--NOMBRE PERSONAL
Nombre personal Torres Taborda, Sandra Liliana,
Término relacionador autor
245 1# - TÍTULO
Título del Material Alfabetización digital para excombatientes de grupos armados irregulares en Colombia :
Parte restante del título - Subtitulo inclusión educativa para la paz
Mención de responsabilidad, etc. / Sandra Liliana Torres Taborda , Efraín José Martínez Meneses
264 #1 - PRODUCCIÓN, PUBLICACIÓN, DISTRIBUCIÓN, MANUFACTURA, Y COPYRIGHT
Lugar de producción, publicación, distribución, manufactura Sabaneta, Colombia :
Nombre del productor, publicador, distribuidor Unisabaneta,
Fecha de producción, publicación, distribución, manufactura, o copyright [2014]
264 #4 - PRODUCCIÓN, PUBLICACIÓN, DISTRIBUCIÓN, MANUFACTURA, Y COPYRIGHT
Fecha de producción, publicación, distribución, manufactura, o copyright © 2014
300 ## - DESCRIPCIÓN FÍSICA
Extensión 116 páginas
Dimensiones ; 23 cm
336 ## - TIPO DE CONTENIDO
Fuente rdacontent
Término de tipo de contenido texto
Código de tipo de contenido txt
337 ## - TIPO DE MEDIO
Fuente rdamedia
Nombre del tipo de medio sin mediación
Código del tipo de medio n
338 ## - TIPO DE SOPORTE
Fuente rdacarrier
Nombre del tipo de soporte volumen
Código Tipo de soporte nc
505 ## - NOTA DE CONTENIDO
Nota de contenido con formato preestablecido Inclusión educativa para fomentar la paz y la reconciliación. -- La educación, pilar esencial del bienestar en una sociedad. -- Diseño de curso de alfabetización digital para excombatientes en proceso de reintegración social. -- Resultados de la intervención.
563 ## - NOTA DE ENCUADERNACIÓN
Nota de encuadernación Rústico
650 #0 - ASIENTO SECUNDARIO DE MATERIA - TERMINO TEMÁTICO
9 (RLIN) 397
Término temático o nombre geográfico como elemento de entrada Paz
Subdivisión geográfica Colombia
650 #0 - ASIENTO SECUNDARIO DE MATERIA - TERMINO TEMÁTICO
9 (RLIN) 397
Término temático o nombre geográfico como elemento de entrada Guerrilleros
Subdivisión geográfica Colombia
653 ## - TÉRMINO DE INDIZACIÓN - NO CONTROLADO
Término no controlado Inclusión social
653 ## - TÉRMINO DE INDIZACIÓN - NO CONTROLADO
Término no controlado Alfabetización digital.
700 ## - ASIENTO SECUNDARIO - NOMBRE PERSONAL
9 (RLIN) 6165
Nombre personal Martínez Meneses, Efraín José,
Responsabilidad autor
942 ## - TIPO DE MATERIAL (KOHA)
Tipo de Item KOHA Libros General
945 ## - INFORMACIÓN LOCAL DEL REGISTRO
Catalogador JTF-925
Existencias
Estado de Material Estado de Perdido Forma de Clasificación Estado de Dañado No para Préstamo Colección Biblioteca de Origen Biblioteca Permanente Fecha de Adquisición Área Total de Préstamos Signatura Topográfica Código de Barras Última vez visto Última vez Préstado Ejemplar/Existencia Fecha de Remplazo Tipo de Material
    Dewey Decimal Classification     Colección General Biblioteca FUSBC Biblioteca FUSBC 15/02/2022 EDUCACIÓN 1 G 370.115 T693a 7228 05/06/2023 31/05/2023 Ej.1 15/02/2022 Libros General

Biblioteca FUSBC | Teléfono: (57+4) 349 88 10 Ext. 141| WhatsApp (+57) 3005338115 
E-mail: biblioteca@unisbc.edu.co | Calle 76 87-14 Robledo Palenque, Medellín, Colombia

Con tecnología Koha